000
00317nam a22001457a 4500
008
221028b ||||| |||| 00| 0 eng d
020
_a
9781308329802
041
_a
eng
080
_2
9781308329802
_a
573
082
_a
573KEN
100
_a
16.2
101
_a
BIO
245
_a
BIO 100
_c
KENTUCKY E
942
_2
udc
_c
BK
999
_c
58683
_d
58683